000 00716nam a2200289Ia 4500
005 20260324123059.0
008 008 260324s9999 xx 000 0 eng d
020 _a9781003443322
037 _aEBOOK
040 _aCRL
040 _beng
040 _cCRL
041 _2eng
041 _aeng
084 _qCRL
100 _aFons Trompenaars; Kate Berardo; Darla K. Deardorff
_91168944
245 0 _aBuilding Cultural Competence
245 0 _bInnovative Activities and Models
260 _bTaylor and Francis
260 _c2012
365 _a
365 _b230
856 _uhttp://www.taylorfrancis.com/books/9781003443322
942 _cEBOOK
999 _c1762152
_d1762152